000 00548 a2200181 4500
020 _a8188658871
024 _a8188658871
028 _aShree Publishing
082 _a530.12
090 _c632
_d632
100 _aAneja, Rita
245 _aQuantum Mechanics /
_cDr. Ritu Aneja
260 _aNew Delhi, India
_bShree Publishing
_c2004
300 _avii, 274
700 _4Aneja Ritu
942 _aSNS
_cBK
_k530.12 ANE
999 _c29262
_d29262